000 01289cam a2200277 4500
001 192014
003 SpMaBN
005 20240612113646.0
008 221031s2007 sp a | ||||o000 0dspa
017 _aSE 928-2007
_bOficina Depósito Legal Sevilla
020 _a8488842163
080 _a821.134.2 Cervantes Saavedra, Miguel de 7 Quijote.07(063)
111 2 _aCongreso "Cervantes, el 'Quijote' y Andalucía" (
_d2005.
_cSevilla)
_9175659
245 1 0 _aActas del Congreso "Cervantes, el 'Quijote' y Andalucía" :
_b(Sevilla, 6-8 de mayo de 2005) /
_cedición a cargo de Antonio Castro Díaz
260 _aTomares, Sevilla :
_bAsociación Andaluza de Profesores de Español "Elio Antonio de Nebrija",
_c2007.
300 _a347 páginas :
_bilustraciones (blanco y negro) ;
_c24 cm +
_e1 CD-ROM
500 _aÍndice
504 _aReferencias bibliográficas
600 1 4 _aCervantes Saavedra, Miguel de,
_d1547-1616.
_tDon Quijote de la Mancha-
_vCongresos y asambleas
_937617
700 1 _aCastro Díaz, Antonio.
_9159836
_epbl
852 4 _aES-MaACL
_jN-8213
_cDEPOJ
_hDonación: Editorial
_9199296
852 4 _aES-MaACL
_jROT 6/2/28
_cROT
_hDonación: Editorial
_9203366
942 _2udc
_cMONOGRAFIA
_n0
999 _c192014
_d192014